000 00567nam a2200169 i 4500
001 bgj
100 1 _aBENN, Gottfried
_d(1886-1956)
245 1 0 _aGesammelte Werke in vier Bänden.
_nB. 1,
_pEssays, Reden, Vorträge /
_cGottfried Benn ; Herausgegeben von Dieter Wellershoff.
260 _aWiesbaden :
_bLimes Verlag,
_cc. 1965.
300 _a645, [3] S. ;
_c22 cm.
650 9 _aDeutsche Literatur
_aBenn, Gottfried, 1886-1956
700 1 _aWELLERSHOFF, Dieter.
_eHrsg.
040 _cBPK
041 0 _ager
942 _cKS
008 s gw f |000 0 ger
999 _c50564
_d50564
856 _uhttp://koha.tu.koszalin.pl/cgi-bin/koha/opac-detail.pl?biblionumber=50564
_yKatalog online BPK